Statystyki dla TYPY STOŁÓW:

Kliknij tutaj aby rozwiązać quiz!

Ogólne statystyki

  • Ten quiz został rozwiązany 26 razy
  • Średni wynik to 2 z 6

Statystyki odpowiedzi

Odpowiedź% Poprawnych
OKRĄGŁY
75%
KUCHENNY
35%
BILARDOWY
20%
OGRODOWY
20%
OBIADOWY
10%
OPERACYJNY
5%

Rozkład punktacji

Percentyl według liczby udzielonych odpowiedzi

Procent ludzi z każdym wynikiem

Twoja historia wyników

Nie rozwiązałeś tego quizu